Quiz di cultura generale #21 - Statistics

Statistiche generali
  • Questo quiz è stato fatto 1.322 volte
  • Il punteggio medio è 12 su 20
Statistiche sulle risposte
DOMANDA RISPOSTA % Corretto
Quale nazione è famoso per i mulini a vento e per gli zoccoli? Olanda/Paesi Bassi
95%
Secondo il proverbio, tutte le strade portano a... Roma
95%
Quale città si abbrevia con LA? Los Angeles
92%
Quale catena montuosa separa Francia e Spagna? Pirenei
85%
Quante sono le isole Eolie? 7/sette
81%
Quale organo interno inizia con la P? Pancreas
81%
Particelle subatomiche a carica negativa Elettroni
78%
Quale poeta italiano era innamorato di Laura? Petrarca
73%
Da quale nazione proviene il Toblerone? Svizzera
69%
Il camembert e il limburger sono tipi di...\ Formaggi
68%
Scrittore de "La Metamorfosi" Franz Kafka/Kafka
63%
Nella formula F=ma; a sta per? Accelerazione
61%
Com'è meglio conosciuto Siddartha Gautama? Buddha/ Budda
49%
Quale antico popolo aveva come capitale Tenochtitlan? Aztechi
46%
Galassia più vicina alla Via Lattea Andromeda
37%
Periodo che viene dopo il Giurassico Cretaceo
25%
Primo paese ad approvare il suffragio femminile Nuova Zelanda
22%
Primo europeo a raggiungere l'India Vasco da Gama
16%
Capitale del Tibet Lhasa
10%
Scultore de "I borghesi di Calais" Auguste Rodin/Rodin
6%
Nessun quiz corrispondente trovato
Distribuzione punteggi
Percentuale di utenti per punteggio
Percentile per numero di risposta
I tuoi punteggi nel tempo
Non hai fatto questo quiz